Countries most similar to Grenada - Statistics

General Stats
  • This quiz has been taken 12 times
  • The average score is 17 of 20
Answer Stats
Rank Country % Correct
5 Antigua and Barbuda
100%
3 Barbados
100%
6 Dominica
100%
11 Haiti
100%
8 Jamaica
100%
4 St Kitts and Nevis
100%
1 St Lucia
100%
2 St Vincent
100%
7 Trinidad and Tobago
100%
10 Cuba
89%
9 Dominican Republic
78%
15 Fiji
78%
13 Mauritius
78%
20 Palau
78%
18 Samoa
78%
12 Seychelles
78%
17 Solomon Islands
67%
19 Tonga
67%
16 Vanuatu
56%
14 Maldives
44%
No matching quizzes found
Score Distribution
Percent of People with Each Score
Percentile by Number Answered
Your Score History
You have not taken this quiz